Construction (Record no. 120892)

MARC details
000 -LEADER
fixed length control field 00762cai a22001935a 4500
001 - CONTROL NUMBER
control field L152090
008 - FIXED-LENGTH DATA ELEMENTS--GENERAL INFORMATION
fixed length control field 110201u2010 xxk g 000 0 eng d
035 ## - SYSTEM CONTROL NUMBER
System control number (Sirsi) u152090
041 0# - LANGUAGE CODE
Language code of text/sound track or separate title eng
110 2# - MAIN ENTRY--CORPORATE NAME
Corporate name or jurisdiction name as entry element European Commission
9 (RLIN) 2292
245 00 - TITLE STATEMENT
Title Construction
Remainder of title revision of the Construction Products Directive
Medium [electronic resource]
260 ## - PUBLICATION, DISTRIBUTION, ETC.
Place of publication, distribution, etc. Brussels
Name of publisher, distributor, etc. European Commission
Date of publication, distribution, etc. 2010
520 ## - SUMMARY, ETC.
Summary, etc. Summary of progress to date and forthcoming modifications to the Directive.
590 ## - LOCAL NOTE (RLIN)
Local note KA NTK
651 #4 - SUBJECT ADDED ENTRY--GEOGRAPHIC NAME
Geographic name European Union
690 ## - LOCAL SUBJECT ADDED ENTRY--TOPICAL TERM (OCLC, RLIN)
Topical term or geographic name as entry element BUILT ENVIRONMENT-CONSTRUCTION MARKET
856 40 - ELECTRONIC LOCATION AND ACCESS
Uniform Resource Identifier <a href="https://ec.europa.eu/enterprise/sectors/construction/documents/legislation/revision-cpd/index_en.htm">https://ec.europa.eu/enterprise/sectors/construction/documents/legislation/revision-cpd/index_en.htm</a>
Public note View the website free of charge at ec.europa.eu
942 ## - ADDED ENTRY ELEMENTS (KOHA)
Suppress in OPAC 0
Holdings
Withdrawn status Lost status Source of classification or shelving scheme Damaged status Not for loan Home library Current library Shelving location Date acquired Total Checkouts Full call number Barcode Date last seen Copy number Price effective from Koha item type
    Dewey Decimal Classification     Virtual Virtual Online 01/02/2011   ONLINE PUBLICATION 152090-1001 06/08/2019 1 06/08/2019 Online material